Chiến lược cạnh tranh cho các doanh nghiệp vừa và nhỏ ở Việt Nam hiện nay

Một số vấn đề lý luận phát triển chiến lược cạnh tranh của doanh nghiệp vừa và nhỏ ở Việt Nam trong tiến trình hội nhập kinh tế quốc tế. Thực trạng phát triển chiến lược cạnh tranh và một số giải pháp, kiến nghị nhằm phát triển c...

Ausführliche Beschreibung

Gespeichert in:
Bibliographische Detailangaben
1. Verfasser: Phạm, Thuý Hồng
Format: Buch
Sprache:Undetermined
Veröffentlicht: Hà Nội Chính trị Quốc gia 2004
Schlagworte:
Tags: Tag hinzufügen
Keine Tags, Fügen Sie den ersten Tag hinzu!
Thư viện lưu trữ: Trung tâm Học liệu Trường Đại học Cần Thơ
LEADER 01188nam a2200217Ia 4500
001 CTU_97655
008 210402s9999 xx 000 0 und d
020 |c 19000 
082 |a 658.8 
082 |b H455 
100 |a Phạm, Thuý Hồng 
245 0 |a Chiến lược cạnh tranh cho các doanh nghiệp vừa và nhỏ ở Việt Nam hiện nay 
245 0 |c Phạm Thuý Hồng 
260 |a Hà Nội 
260 |b Chính trị Quốc gia 
260 |c 2004 
520 |a Một số vấn đề lý luận phát triển chiến lược cạnh tranh của doanh nghiệp vừa và nhỏ ở Việt Nam trong tiến trình hội nhập kinh tế quốc tế. Thực trạng phát triển chiến lược cạnh tranh và một số giải pháp, kiến nghị nhằm phát triển cạnh tranh cho các doanh nghiệp vừa và nhỏ ở Việt Nam trong tiến trình hội nhập kinh tế quốc tế. 
650 |a Small business,Managerial economics 
650 |x Management 
904 |i Tuyến 
980 |a Trung tâm Học liệu Trường Đại học Cần Thơ